| 000 | 00729nam a22001937a 4500 | ||
|---|---|---|---|
| 999 |
_c175702 _d175702 |
||
| 005 | 20200921121026.0 | ||
| 010 | _aUR-10866 | ||
| 020 | _c50.00 | ||
| 035 | _aU-9421 | ||
| 037 | _bDBAD/PUB | ||
| 082 | _a854 | ||
| 100 | _aنز ير فتح پو ر ی | ||
| 245 |
_aشمس ا لر حمن فا ر و قی بنا م - نز ير فتح پو ر ی _cنز ير فتح پو ر ی |
||
| 246 |
_bShamsur Rahman Farooqui Banam - Nazeer Fatehpuri (Urdu) _aby Nazeer Fatehpuri |
||
| 260 |
_aN.Delhi _bEducational Publishing House _c2020 ء |
||
| 270 |
_aH.O.D1/16,Ansari Road,Darya ganj, _bN.Delhi _e110002 _k45678285,23216162 _l0091-11-23211540 |
||
| 300 |
_a48 ص _c22 Cm(Hb) |
||
| 942 |
_2ddc _cUR _h854 _mن ظ ی |
||